000 00510nam a22002057a 4500
003 MPLRDC
005 20220104201624.0
008 210129b ||||| |||| 00| 0 eng d
020 _a978-986-6260-35-3
082 _a296.5 ZL
100 _a赵丽 编著
245 _a警世预言
_c
250 _a初版一刷
260 _a台湾
_b驿站文化事业有限公司
_c2011
300 _b
490 _a发现之旅: 16
520 _a上架 2017-07-01。
650 _a预言
942 _cBK
_o296.5 ZL
999 _c67260
_d67250